Technologies used in Wireless Sensor Networks

Bibliographic Details
Main Author: Slíva, Jakub (Author)
Format: Article
Language:English
ISBN:9788022728560

MARC

LEADER 00000naa a2200000uu 4500
001 vtls011059480
003 SK-MaSNL
005 20260302114257.0
008 210907|2008 xo |||||||||||||||||eng|
015 |a SNBRA 
035 |a (urnnbn)urn:nbn:sk:snk:ar-a0c1fx 
035 |a (uuid)86f789bd-d59a-4b31-bc41-12606640e6de 
035 |a urn:nbn:sk:snk-aav7zr 
040 |a SNKBUCL  |b slo  |c SNKBUCL  |e AACR2 
041 0 |a eng 
044 |a xo  |c SK 
100 1 |a Slíva, Jakub  |4 aut  |9 796030 
245 1 0 |a Technologies used in Wireless Sensor Networks  |c Jakub Slíva 
773 0 |t Proceedings of IWSSIP 2008  |d Bratislava : Slovak University of Technology, 2008  |g S. 77-80  |z 9788022728560 
958 |a OND 
958 |a article12 
958 |a chapter 
999 |c 1259113  |d 1261043